Statistics for Elvis Movies!

Click here to take the quiz!

General Stats

  • This quiz has been taken 577 times
  • The average score is 16 of 31

Answer Stats

CharacterMovie% Correct
Vince EverettJailhouse Rock
87%
Chad GatesBlue Hawaii
84%
Clint RenoLove Me Tender
82%
Lucky JacksonViva Las Vegas
78%
Tulsa McLeanG.I. Blues
74%
Ross CarpenterGIRLS! GIRLS! GIRLS!
70%
Danny FisherKing Creole
64%
Josh Morgan/ Jodie TatumKissin Cousins
60%
Charlie RogersRoustabout
57%
Jess WadeCharro!
52%
Deke RiversLoving You
52%
Steve GraysonSpeedway
52%
Scott HeywardClambake
49%
JohnnyFrankie and Johnny
49%
Pacer BurtonFlaming Star
48%
Mike EdwardsIt Happened at the Worlds Fair
48%
Walter GulickKid Galahad
46%
Dr. John CarpenterChange of Habit
45%
Mike WindgrenFun in Acapulco
42%
Rusty WellsGirl Happy
41%
Rick RichardsParadise, Hawaiian Style
41%
Greg NolanLive a Little, Love a Little
40%
Johnny TyronneHarum Scarum
39%
Toby KwimperFollow that Dream
38%
Guy LambertDouble Trouble
37%
Mike McCoySpinout
37%
Glenn TylerWild in the Country
36%
Joe LightcloudStay Away, Joe
35%
Walter HaleThe Trouble with Girls
35%
Lonnie BealeTickle Me
32%
Ted JacksonEasy Come, Easy Go
29%

Score Distribution

Percentile by Number Answered

Percent of People with Each Score

Your Score History

You have not taken this quiz